تحميل...
Functional states of the brain : their determinants /
| مؤلفون آخرون: | |
|---|---|
| التنسيق: | Printed Book |
| اللغة: | English |
| منشور في: |
New York :
Elsevier,
1980.
|
| الموضوعات: |
| LEADER | 00508nam a2200133Ia 4500 | ||
|---|---|---|---|
| 008 | 160121b xxu||||| |||| 00| 0 eng d | ||
| 082 | |a 612.82 |2 23 | ||
| 245 | |a Functional states of the brain : |b their determinants / |c Edited By M. Koukkou | ||
| 260 | |a New York : |b Elsevier, |c 1980. | ||
| 653 | |a Neuroscience | ||
| 700 | |a Koukkou, M. |e Editor | ||
| 942 | |c BK | ||
| 999 | |c 123089 |d 123089 | ||
| 952 | |0 0 |1 0 |4 0 |6 612_820000000000000_KOU_F |7 0 |9 136282 |a LIF |b LIF |c ST1 |d 2009-08-02 |i 897 |l 0 |o 612.82 KOU/F |p LIF897 |r 2009-08-02 |w 2009-08-02 |y BK | ||